00421nam a2200169Ia 4500003000900000008004100009040001300050040001300063041000800076100001800084245010000102250001100202260001100213260000900224300001200233490000600245IT-RoPAU120407s9999 xx 000 0 und d aIT-RoPAU cIT-RoPAU aita aAlfonso Fresa aLa luna. Movimenti, topografia, influenze e culto. Con piccolo dizionario selenografico. 2a ed. aMilano aHoepli c1943 c19,5 cm v1